[Event "Challenge"]
[Site "http://www.queenalice.com/game.php?id=1361849"]
[Date "2015.5.26"]
[Round "-"]
[White "Petrucio"]
[Black "jamesxirb"]
[Result "0-1"]
[WhiteElo "1255"]
[BlackElo "1457"]

1. e3 e5 2. Qf3 Qe7 3. Bc4 f6 4. Qf5 g6 5. Qf3 e4 6. Qh3 c6 7. a4 a6 8. Qg3 Nh6
9. Qc7 Qd8 10. Qf4 d5 11. Bb3 g5 12. Na3 gxf4 13. exf4 Rg8 14. d4 Rxg2 15. Kf1
Rg7 16. f3 Bf5 17. Be3 Qc8 18. h3 Qd8 19. Re1 b6 20. Bf2 c5 21. c3 c4 22. Bxc4
dxc4 23. fxe4 Bd7 24. Bh4 Be7 25. Nxc4 Bxa4 26. f5 b5 27. Ne3 Nc6 28. d5 Na5 29.
Rh2 Qd6 30. Nf3 Qf4 31. Ree2 Qxf3+ 32. Bf2 Qxe4 33. Ng4 Qb1+ 34. Re1 Qxb2 35.
Re2 Nxf5 36. Rxb2 Rc8 37. h4 Rxg4 38. Rh3 Rxc3 39. Rxc3 Kd8 40. Bb6+ Ke8 41.
Rc8+ Kf7 42. Bxa5 Rf4+ 43. Rf2 Rxf2+ 44. Kxf2 Nxh4 45. Bc7 b4 46. Bg3 Nf5 47.
Rc6 Bd8 48. Rxa6 Bb3 49. Ra8 Bb6+ 50. Kf3 Bxd5+ 51. Kf4 Be6 52. Ra6 Be3+ 53. Kg4
b3 54. Bc7 b2 55. Ra2 b1=Q 56. Rh2 Qg1+ 57. Bg3 Qxg3+ 58. Kh5 Qxh2+ 59. Kg4 Qg3+
60. Kh5 Qh4# 0-1

[Event "Challenge"]
[Site "http://www.queenalice.com/game.php?id=1362186"]
[Date "2015.5.28"]
[Round "-"]
[White "Petrucio"]
[Black "LeRoiNoir"]
[Result "0-1"]
[WhiteElo "1258"]
[BlackElo "1100"]

1. Nc3 d5 2. Nf3 Nc6 3. h4 Nf6 4. Ng5 Bg4 5. Nb5 e6 6. c3 a6 7. Qa4 Be7 8. Nd4
Qd7 9. Ngxe6 Bxe6 10. Nf3 Ng4 11. Ng5 Nce5 12. Nf3 Qxa4 13. Nxe5 Nxe5 14. b3 Qe4
15. f3 Bxh4+ 16. Kd1 Qf4 17. b4 Bd7 18. d4 Ba4# 0-1

[Event "Challenge"]
[Site "http://www.queenalice.com/game.php?id=1362190"]
[Date "2015.5.28"]
[Round "-"]
[White "Petrucio"]
[Black "AlexRB"]
[Result "0-1"]
[WhiteElo "1224"]
[BlackElo "1233"]

1. Nf3 d5 2. Nc3 Be6 3. Ng5 Bg4 4. Nb5 Bd7 5. Nd4 Nc6 6. e3 Nxd4 7. Qh5 g6 8.
Qh4 Nxc2+ 9. Kd1 Nxa1 10. b4 Nf6 11. Bb2 Ng4 12. Bxh8 h5 13. Bxa1 Bh6 14. h3
Bxg5 15. Qxg5 Nf6 16. Qh6 Ng8 17. Qh8 Kf8 18. Qh7 Ba4+ 19. Kc1 Qd6 20. Bg7+ Ke8
21. Qxg8+ Kd7 22. a3 Rxg8 23. Bh6 Qc6+ 24. Kb2 Qc2+ 25. Ka1 Bb3 26. Bb5+ Kd8 27.
Bg5 Qa2# 0-1

[Event "Challenge"]
[Site "http://www.queenalice.com/game.php?id=1362812"]
[Date "2015.6.1"]
[Round "-"]
[White "Petrucio"]
[Black "ldittmerm"]
[Result "0-1"]
[WhiteElo "1317"]
[BlackElo "1279"]

1. Nf3 c6 2. Nc3 Nf6 3. Ne5 g6 4. d4 Bg7 5. e3 O-O 6. b4 d5 7. g4 Nbd7 8. g5 Nh5
9. a4 b6 10. h3 b5 11. Nxc6 Qc7 12. Nxe7+ Kh8 13. Bg2 Nb6 14. Ne2 Qxe7 15. h4
Nf6 16. Qd3 Qxb4+ 17. Bd2 Qb2 18. Bc1 Qxa1 19. Qxb5 Nbd7 20. Qc6 Nb6 21. Qxa8
Nxa8 22. gxf6 Bxf6 23. Bxd5 Qxa4 24. Bb3 Qa1 25. Bd5 Nb6 26. e4 Bxd4 27. Kd2
Qa5+ 28. Kd1 Bxf2 29. Bd2 Qa1+ 30. Bc1 Be3 31. Ke1 Re8 32. Bxf7 Rxe4 33. Bb3
Bxc1 34. Kf2 Be3+ 35. Kg2 Bb7 36. Kf3 Qxh1+ 37. Kg3 Qxh4+ 38. Kf3 Qh3+ 39. Ng3
Bf4 40. c4 Qxg3# 0-1

[Event "Challenge"]
[Site "http://www.queenalice.com/game.php?id=1364882"]
[Date "2015.6.11"]
[Round "-"]
[White "Petrucio"]
[Black "jamesxirb"]
[Result "0-1"]
[WhiteElo "1264"]
[BlackElo "1448"]

1. Nf3 d5 2. Nd4 e5 3. f3 exd4 4. Na3 Bd7 5. f4 f5 6. d3 Nf6 7. g3 c5 8. Bh3
Qa5+ 9. c3 dxc3 10. Qb3 b6 11. Qxc3 Qxc3+ 12. bxc3 g6 13. Bg2 Bc6 14. Be3 d4 15.
Bd2 Bxg2 16. Rg1 Bc6 17. Rb1 Nbd7 18. Nc2 Ba4 19. Na1 Rc8 20. Kf2 Ng4+ 21. Kf3
Bd6 22. c4 Bc6+ 23. e4 Nxh2+ 24. Kg2 Ng4 25. Kh3 h6 26. exf5 Nf2+ 27. Kh2 gxf5
28. Rge1+ Kf8 29. Rf1 Nxd3 30. Rf3 Bxf3 31. Be1 Re8 32. Bd2 Re2+ 33. Kh3 Rxd2
34. Rf1 Bg2+ 35. Kh2 Bxf1+ 36. Kh1 h5 37. Kg1 Rf2 38. a3 Rg8 39. Nb3 Bxf4 40.
Na1 Rxg3+ 41. Kh1 Rh3+ 42. Kg1 Bh2+ 43. Kh1 Bg2# 0-1

[Event "Challenge"]
[Site "http://www.queenalice.com/game.php?id=1368913"]
[Date "2015.7.1"]
[Round "-"]
[White "Petrucio"]
[Black "mArViNh"]
[Result "1-0"]
[WhiteElo "1248"]
[BlackElo "1181"]

1. e3 d5 2. Qh5 Nf6 3. Qh4 e6 4. d4 Be7 5. Qh3 c5 6. Qh4 Nc6 7. Qg5 O-O 8. Qh4
Bd7 9. Bd3 Qc7 10. a4 a5 11. Qxh7+ Nxh7 12. Bd2 Bg5 13. Ra3 cxd4 14. Nh3 dxe3
15. fxe3 Bf6 16. Rc3 Bxc3 17. Nxc3 Nb4 18. Nf4 1-0

[Event "Challenge"]
[Site "http://www.queenalice.com/game.php?id=1368914"]
[Date "2015.7.1"]
[Round "-"]
[White "Petrucio"]
[Black "mArViNh"]
[Result "1-0"]
[WhiteElo "1261"]
[BlackElo "1168"]

1. g4 Nc6 2. d4 d5 3. e3 Nf6 4. Nc3 e6 5. g5 Nd7 6. e4 Bb4 7. exd5 Bxc3+ 8. bxc3
exd5 9. Qe2+ Ne7 10. Bh3 O-O 11. c4 c6 12. Rb1 Qa5+ 13. Qd2 Qxa2 14. Rb3 dxc4
15. Rb4 a5 16. Rb2 Qa4 17. Nf3 Nd5 18. Bf5 c3 19. Qe2 1-0

[Event "Challenge"]
[Site "http://www.queenalice.com/game.php?id=1368915"]
[Date "2015.7.1"]
[Round "-"]
[White "Petrucio"]
[Black "mArViNh"]
[Result "1-0"]
[WhiteElo "1273"]
[BlackElo "1156"]

1. h4 d5 2. d4 Nf6 3. Bg5 e6 4. Qd2 Be7 5. Bf4 Nc6 6. Qe3 Bd7 7. Qf3 Nxd4 8. Qh3
Nxc2+ 9. Kd1 Nxa1 10. b4 O-O 11. Be5 c6 12. Bxa1 Qc7 13. h5 e5 14. Qf3 e4 15.
Qe3 Bxb4 16. Qd4 Bd6 17. f3 Be5 18. Qe3 Bxa1 19. f4 1-0

[Event "Challenge"]
[Site "http://www.queenalice.com/game.php?id=1375081"]
[Date "2015.8.2"]
[Round "-"]
[White "Petrucio"]
[Black "jamesxirb"]
[Result "0-1"]
[WhiteElo "1299"]
[BlackElo "1493"]

1. e4 e5 2. Qh5 Nh6 3. Bc4 Qe7 4. Qf5 Nxf5 5. exf5 Qg5 6. Nh3 Qxg2 7. Rf1 Qxh3
8. Bd3 Qxh2 9. Ke2 d5 10. Bb5+ c6 11. Bd3 Qh5+ 12. f3 Bxf5 13. Ke3 d4+ 14. Ke2
Bh3 15. b3 Bxf1+ 16. Kxf1 Qh1+ 17. Kf2 Qxc1 18. Ke2 Qb2 19. c4 Qxa1 20. Bf5 Qxa2
21. Ke1 Qxb3 22. Be4 Bb4 23. Bf5 Qxf3 24. Bc8 Qe4+ 25. Kd1 Qxb1+ 26. Ke2 Na6 27.
Bxb7 d3+ 28. Ke3 Nc5 29. Bxa8 Qe1+ 30. Kf3 e4+ 31. Kg4 Kd7 32. Bb7 h5+ 33. Kf5
Bxd2 34. Ke5 Qg3+ 35. Kd4 Qe3+ 36. Ke5 Re8+ 37. Kf5 g6+ 38. Kf6 Qf3+ 39. Kg7
Ne6+ 40. Kh7 Qf4 41. Ba6 Qh6# 0-1

[Event "Challenge"]
[Site "http://www.queenalice.com/game.php?id=1378289"]
[Date "2015.8.18"]
[Round "-"]
[White "Petrucio"]
[Black "jamesxirb"]
[Result "0-1"]
[WhiteElo "1291"]
[BlackElo "1485"]

1. e4 e5 2. Qh5 Qe7 3. Bc4 g6 4. Qf3 Nh6 5. Bd5 Qc5 6. Qg3 f6 7. Qc3 Qb6 8. d3
c6 9. Bc4 Bb4 10. Bd2 Bxc3 11. a4 Bxd2+ 12. Kxd2 Qxf2+ 13. Kc3 Qxg2 14. Na3 Qxh1
15. h3 g5 16. Kb4 d6 17. Rf1 Bxh3 18. Re1 Na6+ 19. Kc3 Nc5 20. d4 Nxe4+ 21. Kb3
exd4 22. Bd3 f5 23. Nf3 Qxf3 24. Kc4 c5 25. Be2 d5+ 26. Kb5 a6+ 27. Kb6 Qf4 28.
Kxb7 Qb8+ 29. Kc6 Qd8 30. Bh5+ Nf7 31. Kb7 Qb8+ 32. Kc6 Qd6+ 33. Kb7 Ke7 34. Be2
Rhb8# 0-1

[Event "Challenge"]
[Site "http://www.queenalice.com/game.php?id=1385368"]
[Date "2015.9.25"]
[Round "-"]
[White "Petrucio"]
[Black "ldittmerm"]
[Result "0-1"]
[WhiteElo "1307"]
[BlackElo "1275"]

1. c4 e5 2. h4 Nf6 3. e4 c6 4. g3 Bc5 5. h5 d5 6. h6 O-O 7. exd5 cxd5 8. d3 d4
9. Bh3 Bxh3 10. Qe2 Qa5+ 11. Bd2 Qa4 12. Qxe5 Re8 13. Qe2 Nc6 0-1